| 000 | 00758nam a2200289Ia 4500 | ||
|---|---|---|---|
| 003 | OSt | ||
| 005 | 20221006144415.0 | ||
| 006 | a|||||r|||| 00| 0 | ||
| 007 | ta | ||
| 008 | 221006b |||||||| |||| 00| 0 eng d | ||
| 020 |
_a0333290879 _c354.00 |
||
| 020 | _a9780333290873 | ||
| 024 | _a11,630 | ||
| 037 | _cTextual | ||
| 040 |
_aEASL _cEASL _beng |
||
| 041 |
_2eng _aeng |
||
| 082 | _aV1.N80, M1 | ||
| 100 | _aWOODRUFF William | ||
| 245 | 0 | _aStruggle for world power 1500-1980 | |
| 260 |
_aHong Kong _bMacmillan _c1981 |
||
| 300 |
_axv,372p. _ccm. |
||
| 490 | _v Gen | ||
| 650 | _a Gen | ||
| 650 |
_aStruggle - Power - World _9651904 |
||
| 942 |
_hV1.N80, M1 _cTEXL _2CC |
||
| 999 |
_c1079716 _d1079716 |
||